Organizational Behavior (Record no. 4314)

MARC details
005 - DATE AND TIME OF LATEST TRANSACTION
control field 20250618141051.0
020 ## - INTERNATIONAL STANDARD BOOK NUMBER
International Standard Book Number 978-0-07-338125-1
082 ## - DEWEY DECIMAL CLASSIFICATION NUMBER
Classification number 658.3 KRE
100 ## - MAIN ENTRY--PERSONAL NAME
Author name KREITNER, R
245 ## - TITLE STATEMENT
Title Organizational Behavior
250 ## - EDITION STATEMENT
Edition statement 8th Ed.
260 ## - PUBLICATION, DISTRIBUTION, ETC.
Place of publication, distribution, etc. New York
Name of publisher, distributor, etc. McGraw-Hill Irwin
Date of publication, distribution, etc. 2008.
300 ## - PHYSICAL DESCRIPTION
Extent xxxi,564p.: ill.; figures, table, pictures
Other physical details Index, Glossary, References
Dimensions 25cm
700 ## - ADDED ENTRY--PERSONAL NAME
Other authors/Editors Angelo Kinicki
942 ## - ADDED ENTRY ELEMENTS (KOHA)
Source of classification or shelving scheme Dewey Decimal Classification
Koha item type Books
Holdings
Date last seen Total checkouts Full call number Barcode Cost, replacement price Price effective from Koha item type Lost status Source of classification or shelving scheme Damaged status Not for loan Withdrawn status Home library Current library Shelving location Date acquired Source of acquisition Cost, normal purchase price
06/18/2025   658.3 KRE MZA0001315 57000.00 06/18/2025 Books   Dewey Decimal Classification       CBE Mwanza CBE Mwanza General Collection 08/02/2017 Library Budget 19000.00
06/18/2025   658.3 KRE MZA0001316 57000.00 06/18/2025 Books   Dewey Decimal Classification       CBE Mwanza CBE Mwanza General Collection 08/02/2017 Library Budget 19000.00
06/18/2025   658.3 KRE MZA0001317 57000.00 06/18/2025 Books   Dewey Decimal Classification       CBE Mwanza CBE Mwanza General Collection 08/02/2017 Library Budget 19000.00
06/18/2025   658.3 KRE MZA0001318 57000.00 06/18/2025 Books   Dewey Decimal Classification       CBE Mwanza CBE Mwanza General Collection 08/02/2017 Library Budget 19000.00
06/18/2025   658.3 KRE MZA0001319 57000.00 06/18/2025 Books   Dewey Decimal Classification       CBE Mwanza CBE Mwanza General Collection 08/02/2017 Library Budget 19000.00